000 00910cam a22002651 4500
001 gs 64000329
003 DLC
005 20260227111415.0
008 760622s1964 xx 000 0 eng
010 _ags 64000329
035 _a(OCoLC)2272951
040 _aDLC
_cMeU-P
_dDLC
042 _apremarc
050 0 0 _aQE171
_b.A3 no. 25
100 1 _aZen, E-an,
_d1928-
245 1 0 _aStratigraphy and structure of a portion of the Castleton quadrangle, Vermont.
260 _aMontpelier,
_bVermont Development Dept.,
_c1964.
300 _a70 p.
_bmaps (1 col.) diagrs. (1 col.)
_c23 cm.
490 1 _aVermont. Geological Survey. Bulletin
_vno. 25
500 _aPart of illustrative matter fold. in pocket.
504 _aBibliography: p. 68-70.
650 0 _aGeology
_zVermont
_zCastleton quadrangle.
740 0 _aCastleton quadrangle, Vermont.
810 1 _aVermont.
_bState Geologist.
_tBulletin ;
_vno. 25.
999 _c29898
_d29898